| 000 | 01064cam a22003254a 4500 | ||
|---|---|---|---|
| 999 |
_c531496 _d531496 |
||
| 001 | 16952162 | ||
| 003 | NUST | ||
| 005 | 20191017162427.0 | ||
| 008 | 110908s2013 maua b 001 0 eng | ||
| 010 | _a 2011037274 | ||
| 020 | _a9780132556385 (alk. paper) | ||
| 020 | _a0132556383 (alk. paper) | ||
| 035 | _a(OCoLC)ocn752472123 | ||
| 038 | _aATTA | ||
| 040 |
_aDLC _cDLC _dYDX _dYDXCP _dDLC |
||
| 042 | _apcc | ||
| 050 | 0 | 0 |
_aHF5549.5.R3 _bA38 2013 |
| 082 | 0 | 0 |
_a658.3125 AGU _223 |
| 100 | 1 |
_aAguinis, Herman, _d1966- _924271 |
|
| 245 | 1 | 0 |
_aPerformance management / _cHerman Aguinis. |
| 250 | _a3rd ed. | ||
| 260 |
_aBoston : _bPearson, _cc2013. |
||
| 300 |
_axiv, 322 p. ; _bill. ; _c24 cm. |
||
| 504 | _aIncludes bibliographical references and index. | ||
| 650 | 0 |
_aEmployees _xRating of. _912376 |
|
| 650 | 0 |
_aPerformance _xManagement. _913686 |
|
| 906 |
_a7 _bcbc _corignew _d1 _eecip _f20 _gy-gencatlg |
||
| 942 |
_2ddc _cBK |
||